[Event "World op"]
[Site "Philadelphia"]
[Date "1992.??.??"]
[Round "5"]
[White "Zlotnikov, Mikhail"]
[Black "Benjamin, Joel"]
[Result "0-1"]
[WhiteElo "2355"]
[BlackElo "2555"]

1.c4 e6 2.Nf3 Nf6 3.Nc3 Bb4 4.Qc2 c5 5.a3 Ba5 6.d4 cxd4 7.Nxd4 d5 8.cxd5 Qxd5
9.Be3 Bxc3+ 10.Qxc3 O-O 11.f3 e5 12.Nb3 b6 13.Rd1 Qb5 14.Bf2 Be6 15.Nd2 e4
16.fxe4 Rc8 17.e3 Qh5 18.Nf3 Nbd7 19.Qb4 Nc5 20.Be2 Ncxe4 21.h3 Nxf2 22.Kxf2 Rc2
23.Rd2 Rxd2 24.Nxd2 Qf5+ 25.Bf3 Rd8 26.Rd1 Qc2 27.Qc3 Qxc3 28.bxc3 Rd3 29.Nb1 Rxd1
30.Bxd1 Ne4+ 31.Kf3 Bd5 32.Kf4 f6 33.h4 Nd6 34.Bf3 Ba2 35.Nd2 Nb5 36.c4 Nxa3
37.Bd5+ Kf8 38.Ke4 Ke7 39.c5 Bxd5+ 40.Kxd5 bxc5 41.Kxc5 Ke6 42.Nf3 Nc2 43.e4 h5
44.g3 Ne3 45.Nd2 Ke5 46.Kb4 Kd4  0-1

[Event "World op"]
[Site "Philadelphia"]
[Date "1992.??.??"]
[Round "8"]
[White "Yermolinsky, Alex"]
[Black "Benjamin, Joel"]
[Result "1/2-1/2"]
[WhiteElo "2595"]
[BlackElo "2555"]

1.Nf3 Nf6 2.c4 g6 3.Nc3 d5 4.cxd5 Nxd5 5.e4 Nxc3 6.bxc3 Bg7 7.d4 c5 8.Be3 Qa5
9.Qd2 O-O 10.Rc1 e6 11.Bh6 Nc6 12.h4 cxd4 13.Bxg7 Kxg7 14.cxd4 Qxd2+ 15.Kxd2 Rd8
16.Ke3 Bd7 17.h5 f6 18.Bd3 Rac8 19.hxg6 hxg6 20.e5 Rh8 21.Be4 f5 22.Bxc6 Rxc6
23.Rxh8 Kxh8 24.Rh1+ Kg8 25.Ng5 Rc3+ 26.Kd2 Ra3 27.Rh7 Bc6 28.Rc7 Bd5 29.Nh7 Rxa2+
30.Kc3 Bxg2 31.Nf6+ Kf8 32.Rd7 Bc6 33.Nh7+  1/2-1/2

[Event "St Martin op"]
[Site "St Martin"]
[Date "1992.??.??"]
[Round "2"]
[White "Jacques, Robert"]
[Black "Benjamin, Joel"]
[Result "0-1"]
[WhiteElo "2230"]
[BlackElo "2555"]

1.e4 c5 2.Nf3 d6 3.d4 cxd4 4.Nxd4 Nf6 5.Nc3 Nc6 6.Bg5 e6 7.Qd2 a6 8.f4 h6
9.Bxf6 Qxf6 10.Nf3 g5 11.fxg5 hxg5 12.Qxg5 Qxg5 13.Nxg5 Nb4 14.Kd1 Bd7 15.a3 Nc6
16.Nf3 Ke7 17.Na4 Rd8 18.Nb6 Be8 19.Bd3 Bg7 20.Rb1 Nd4 21.c3 Nxf3 22.gxf3 Be5
23.a4 Bc6 24.b4 Rdg8 25.b5 axb5 26.axb5 Be8 27.Kc2 Rh3 28.Be2 Rg2 29.Kd3 f6
30.Nc4 d5 31.exd5 Bg6+ 32.Ke3 Bxb1 33.Nxe5 exd5 34.Rxb1 fxe5 35.Rd1 Rhxh2
36.Bd3 Kd6 37.Bf5 Kc5 38.Be6 Re2+  0-1

[Event "St Martin op"]
[Site "St Martin"]
[Date "1992.??.??"]
[Round "3"]
[White "Benjamin, Joel"]
[Black "Zaltsman, Vitaly F"]
[Result "1-0"]
[WhiteElo "2555"]
[BlackElo "2465"]

1.e4 c5 2.Nf3 d6 3.d4 cxd4 4.Nxd4 Nf6 5.Nc3 Nc6 6.Bg5 e6 7.Qd2 a6 8.O-O-O h6
9.Be3 Nxd4 10.Bxd4 b5 11.Qe3 Nd7 12.f4 Bb7 13.Kb1 Qc7 14.Bd3 O-O-O 15.Rhf1 Kb8
16.a4 b4 17.Na2 Qa5 18.b3 Rc8 19.Qe1 d5 20.exd5 Bxd5 21.Be4 Bxe4 22.Qxe4 Qc7
23.Rd2 a5 24.Rfd1 Nc5 25.Bxc5 Bxc5 26.Nc1 Rhd8 27.Rxd8 Rxd8 28.Rxd8+ Qxd8
29.Qc6 Bd4 30.Nd3 Bf6 31.Qb5+ Kc8 32.Kc1 Qd4 33.Kd2 Qg1 34.Qe8+ Kb7 35.Qxf7+ Kc8
36.Qf8+ Kd7 37.Qa8 Bc3+ 38.Ke2 Bd4 39.Qe4 Bf6 40.h3 Ke7 41.Qb7+ Kf8 42.Qc8+ Kf7
43.Qb7+ Kf8 44.Qe4 Bc3 45.Kf3 Kf7 46.Qe3 Qd1+ 47.Qe2 Qg1 48.Kg3 Bf6 49.Qh5+ Kg8
50.Qe8+ Kh7 51.Qxe6 Qd4 52.Kf3 Qc3 53.Qc4 Qd2 54.Nf2 Qc1 55.Ne4 Bb2 56.Qd3 Kh8
57.Nd6 Qg1 58.Nc4 Bd4 59.Qe2 Bb6 60.f5 Bd4 61.Nxa5 Bf6 62.Nc4 Qc5 63.Qd3 Bh4
64.g3 Bf6 65.Kg2 Qc6+ 66.Qf3 Qe8 67.h4 Qe1 68.Qd3 Qa1 69.Nd2 Bd4 70.Nf3 Bf6
71.g4 Qc1 72.Qd2 Qa1 73.g5 hxg5 74.hxg5 Be7  1-0

[Event "St Martin op"]
[Site "St Martin"]
[Date "1992.??.??"]
[Round "4"]
[White "Arnason, Jon L"]
[Black "Benjamin, Joel"]
[Result "1/2-1/2"]
[WhiteElo "2515"]
[BlackElo "2555"]

1.e4 e5 2.Nc3 Nf6 3.g3 c6 4.Bg2 d5 5.exd5 cxd5 6.d4 exd4 7.Qxd4 Nc6 8.Qd1 d4
9.Nce2 Qa5+ 10.Bd2 Qb6 11.Nf3 Bc5 12.O-O O-O 13.Nc1 Bf5 14.Rb1 Qb5 15.Bg5 Nd5
16.Nb3 Ndb4 17.Nfxd4 Nxd4 18.Nxd4 Bxd4 19.Qxd4 Nxc2 20.Qd5 Qxd5 21.Bxd5 Nb4
22.Rbd1 Nxd5 23.Rxd5 Be6 24.Ra5 Rfc8 25.Bd2 Rc2 26.Bc3 h6 27.a3 a6 28.Re5 Rd8
29.Rfe1  1/2-1/2

[Event "St Martin op"]
[Site "St Martin"]
[Date "1992.??.??"]
[Round "6"]
[White "Fedorowicz, John P"]
[Black "Benjamin, Joel"]
[Result "1/2-1/2"]
[WhiteElo "2530"]
[BlackElo "2555"]

1.c4 e6 2.Nf3 Nf6 3.g3 b6 4.Bg2 Bb7 5.O-O Be7 6.Nc3 O-O 7.d4 Ne4 8.Nxe4 Bxe4
9.Ne1 Bxg2 10.Nxg2 d5 11.Qa4 Qd7 12.Qxd7 Nxd7 13.cxd5 exd5 14.Bf4 Rac8 15.Rae1 c6
16.h4  1/2-1/2

[Event "St Martin op"]
[Site "St Martin"]
[Date "1992.??.??"]
[Round "7"]
[White "Benjamin, Joel"]
[Black "Gurevich, Ilya"]
[Result "1/2-1/2"]
[WhiteElo "2555"]
[BlackElo "2475"]

1.e4 c5 2.Nf3 d6 3.d4 cxd4 4.Nxd4 Nf6 5.Nc3 a6 6.a4 e6 7.Be2 Be7 8.O-O O-O
9.f4 Qc7 10.Kh1 Rd8 11.Be3 b6 12.Bf3 Bb7 13.e5 dxe5 14.fxe5 Nfd7 15.Bxb7 Qxb7
16.Qh5 g6 17.Qh3 Nf8 18.Nf3 Nc6 19.Qh6 Nd7 20.Ng5 Bxg5 21.Bxg5 Ncxe5 22.Bxd8 Rxd8
23.Rad1 Rc8 24.Rd4 f5 25.Qh4 Re8 26.Rfd1 Kg7 27.Rd6 Nf6 28.Qd4 Nf7 29.Rxb6 Qc8
30.Re1 e5 31.Qh4 Ng4 32.h3 g5 33.Qg3 Nf6 34.Qd3 Nh5 35.Qf3 g4 36.hxg4 fxg4
37.Qe3 Qd8 38.Kg1 g3 39.Rf1 Rf8 40.Rb7 Kg8  1/2-1/2

[Event "St Martin op"]
[Site "St Martin"]
[Date "1992.??.??"]
[Round "8"]
[White "Benjamin, Joel"]
[Black "Gurevich, Dmitry"]
[Result "1/2-1/2"]
[WhiteElo "2555"]
[BlackElo "2515"]

1.Nf3 f5 2.d3 d6 3.e4 e5 4.Nc3 Nf6 5.exf5 Bxf5 6.d4 e4 7.Nh4 Bd7 8.Qe2 Be7
9.Nxe4 O-O 10.Nf3 Nc6 11.Nxf6+ Bxf6 12.Be3 Qe8 13.O-O-O a5 14.Kb1 Nb4 15.a3 Nd5
16.Qd2 b5 17.Bg5 h6 18.Bxf6 Rxf6 19.c4 Bf5+ 20.Ka1 Nb4 21.Rc1 Qe4 22.cxb5 Nc2+
23.Qxc2 Qxc2 24.Bc4+ Kf8 25.Rxc2 Bxc2 26.Rc1 Be4 27.Ba2 Ra7 28.a4 g5 29.h3 Rf4
30.Rc3 Rb7 31.Bb3 Kg7 32.Ka2 Kf6 33.Ka3 h5 34.Bd1 g4 35.hxg4 hxg4 36.Nh2 Bf5
37.Rg3 Rxd4 38.Nxg4+ Bxg4 39.Bxg4 Rb8 40.Rf3+ Ke5 41.Rf5+ Ke4 42.Rf7 Rc4
43.Bf3+ Kd3 44.Bc6 Kc2 45.Rxc7 Rb4 46.Ka2 Rxb2+ 47.Ka3  1/2-1/2

[Event "Groningen PCA"]
[Site "Groningen"]
[Date "1993.??.??"]
[Round "5"]
[White "Bareev, Evgeny"]
[Black "Benjamin, Joel"]
[Result "0-1"]
[WhiteElo "2660"]
[BlackElo "2620"]

1.d4 Nf6 2.c4 e6 3.Nc3 Bb4 4.Qc2 c5 5.dxc5 Na6 6.a3 Qa5 7.Bd2 Nxc5 8.b3 d5
9.Ra2 Bxc3 10.Bxc3 Qb6 11.b4 Nce4 12.c5 Qc7 13.Ba1 Ng4 14.Bxg7 Ngxf2 15.Bxh8 Nxh1
16.Nf3 f6 17.e3 Kf7 18.g4 Bd7 19.Bxf6 Kxf6 20.Qb2+ Kf7 21.Qd4 Kg8 22.Bg2 Nhf2
23.Rxf2 Nxf2 24.Kxf2 Rf8 25.Kg1 Bb5 26.Ng5 Re8 27.Nf3 Qf7 28.e4 dxe4 29.Qxe4 Bc6
30.Qe3 Qf6 31.Ne5 Rf8 32.h3 Bxg2 33.Kxg2 Qf4 34.Qxf4 Rxf4 35.c6 bxc6 36.Nxc6 a6
37.Nd8 e5 38.Nc6 e4 39.Ne7+ Kf7 40.Nf5 Ke6  0-1

[Event "Groningen PCA"]
[Site "Groningen"]
[Date "1993.??.??"]
[Round "10"]
[White "Benjamin, Joel"]
[Black "Piket, Jeroen"]
[Result "1/2-1/2"]
[WhiteElo "2620"]
[BlackElo "2590"]

1.e4 d6 2.d4 Nf6 3.Nc3 g6 4.Nf3 Bg7 5.Be2 O-O 6.O-O c6 7.Re1 Nbd7 8.e5 dxe5
9.dxe5 Ng4 10.e6 fxe6 11.Bc4 Nde5 12.Qxd8 Rxd8 13.Nxe5 Bxe5 14.h3 Bxc3 15.bxc3 Nf6
16.Bh6 Kf7 17.Bb3 a5 18.a4 b5 19.c4 bxc4 20.Bxc4 Rd4 21.Bb3 Nd5 22.Re5 Bd7
23.Rae1 c5 24.Be3 Nxe3 25.fxe3 Rb4 26.Rxc5 Bxa4 27.Rf1+ Kg7 28.Bxe6 Rf8 29.Ra1 Rf6
30.Bd5 Rd6 31.Bf3 Bd7 32.Raxa5 Bf5 33.Re5 Kf6 34.e4 Be6 35.Reb5 Rxb5 36.Rxb5 Rd2
37.e5+ Kg5 38.Rb7 Rxc2 39.Rxe7 Bf5 40.Kh2 h5 41.Re8 Rc5 42.Kg3 h4+ 43.Kf2 Kf4
44.e6 Rc2+ 45.Ke1 Ke3 46.Ra8 Bxe6 47.Re8 Rc1+ 48.Bd1 Rc6 49.Bg4  1/2-1/2

[Event "Las Vegas op"]
[Site "Las Vegas"]
[Date "1993.??.??"]
[Round "5"]
[White "Benjamin, Joel"]
[Black "Watson, John L"]
[Result "0-1"]
[WhiteElo "2585"]
[BlackElo "2400"]

1.e4 e6 2.d4 d5 3.e5 c5 4.c3 Nc6 5.Nf3 Qb6 6.Be2 Nh6 7.Bxh6 gxh6 8.Qd2 Bg7
9.O-O O-O 10.Na3 Bd7 11.Nc2 cxd4 12.cxd4 f6 13.exf6 Rxf6 14.b4 Raf8 15.b5 Ne7
16.Ne5 Be8 17.g3 Nf5 18.f4 h5 19.a4 Kh8 20.Kh1 Rh6 21.Rad1 Qd8 22.Ne3 Bg6
23.Bd3 h4 24.Nxf5 exf5 25.Rg1 Bh5 26.Be2 hxg3 27.Rxg3 Bxe5 28.dxe5 Bxe2 29.Qxe2 Rg8
30.Qg2 Rxg3 31.Qxg3 Rg6 32.Qd3 Qb6 33.Qd4 Qxd4 34.Rxd4 Rg4 35.h3 Rg3 36.Rxd5 Rxh3+
37.Kg2 Ra3 38.Rd7 Rxa4 39.Rxb7 Rxf4 40.Rxa7 Rb4 41.e6 Kg8 42.Ra8+ Kg7 43.e7 Rb2+
44.Kf3 Rb3+ 45.Kf4 Rb4+ 46.Kf3 Rb3+ 47.Kf4 Rb4+ 48.Kxf5 Rxb5+ 49.Kf4  0-1

[Event "Wch Team"]
[Site "Luzern"]
[Date "1993.??.??"]
[Round "6"]
[White "Rausis, Igors"]
[Black "Benjamin, Joel"]
[Result "0-1"]
[WhiteElo "2575"]
[BlackElo "2620"]

1.e4 c5 2.Nc3 Nc6 3.Bb5 Nd4 4.Bc4 e6 5.Nf3 Nf6 6.O-O a6 7.d3 d5 8.Bb3 Be7
9.exd5 Nxb3 10.axb3 Nxd5 11.Nxd5 Qxd5 12.Re1 O-O 13.Re5 Qc6 14.Rh5 f6 15.Ra4 Rf7
16.Rg4 e5 17.Rg3 Be6 18.Nh4 g5 19.Nf3 Rg7 20.Qe2 Rd8 21.h4 g4 22.Nh2 Qd7
23.f3 Bf7 24.Rh6 gxf3 25.Qxf3 Rxg3 26.Qxg3+ Kh8 27.Qg4 Qd4+ 28.Kf1 Rg8 29.Qf5 Rg7
30.Rxf6 Bxf6 31.Qxf6 e4 32.Qxd4 cxd4 33.dxe4 Bg6 34.Bf4 Rf7 35.g3 Bxe4 36.c3 d3
37.Ke1 Re7 38.Kd2 Bf5 39.Be3 Be4 40.Ng4  0-1

[Event "Wch Team"]
[Site "Luzern"]
[Date "1993.??.??"]
[Round "7"]
[White "Hug, Werner"]
[Black "Benjamin, Joel"]
[Result "0-1"]
[WhiteElo "2430"]
[BlackElo "2620"]

1.Nf3 Nf6 2.d4 g6 3.Bg5 Bg7 4.c3 c5 5.e3 Qb6 6.Qb3 O-O 7.Nbd2 d5 8.Be2 Nc6
9.O-O Bf5 10.Rfe1 Rfd8 11.h3 Ne4 12.Bf4 Nxd2 13.Nxd2 e5 14.dxe5 Nxe5 15.Bxe5 Bxe5
16.Bg4 Bxg4 17.hxg4 Qc6 18.a4 Rd6 19.Rad1 Rad8 20.Nf3 Bg7 21.Re2 h6 22.Red2 a6
23.Qc2 Bf6 24.Kf1 Kg7 25.Kg1 R6d7 26.a5 Qe6 27.Qa4 c4 28.Nh2 Be5 29.g3 Bf6
30.Ra1 Rc7 31.Qd1 Rc5 32.e4 Rb5 33.Ra4 Bg5 34.Rxd5 Rbxd5 35.exd5 Rxd5 36.Qf3 Rb5
37.Ra2 Bc1 38.Qd1 Rxb2 39.Ra4 Bd2 40.Qf3 Rc2 41.Qxb7 Qe1+  0-1

[Event "Wch Team"]
[Site "Luzern"]
[Date "1993.??.??"]
[Round "8"]
[White "Benjamin, Joel"]
[Black "Peng Xiaomin"]
[Result "1/2-1/2"]
[WhiteElo "2620"]
[BlackElo "2445"]

1.e4 e5 2.Nf3 Nc6 3.Bb5 a6 4.Bxc6 dxc6 5.O-O f6 6.d4 exd4 7.Nxd4 c5 8.Nb3 Qxd1
9.Rxd1 Bg4 10.f3 Be6 11.Be3 b6 12.a4 Kf7 13.Bf4 Rc8 14.Nc3 Ne7 15.a5 c4 16.Nd4 b5
17.Bg3 g5 18.Rd2 Ng6 19.Kf1 Ne5 20.Bxe5 fxe5 21.Nc6 Bd6 22.Rad1 Bd7 23.Nxe5+ Bxe5
24.Rxd7+ Ke6 25.R7d5 c6 26.Rd7 Rc7 27.Rxc7 Bxc7 28.Ne2 Rd8 29.Nd4+  1/2-1/2

[Event "New York op"]
[Site "New York"]
[Date "1993.??.??"]
[Round "1"]
[White "Klovsky, Rafail"]
[Black "Benjamin, Joel"]
[Result "0-1"]
[WhiteElo "2370"]
[BlackElo "2585"]

1.d4 Nf6 2.c4 e6 3.Nf3 b6 4.a3 Bb7 5.Nc3 g6 6.Bg5 Bg7 7.e3 O-O 8.Be2 d6 9.O-O h6
10.Bh4 g5 11.Bg3 Nh5 12.Nd2 Nxg3 13.hxg3 Nd7 14.Bf3 c6 15.g4 Qe7 16.Nde4 d5
17.cxd5 cxd5 18.Ng3 Rfc8 19.Rc1 Nf6 20.Be2 Ne8 21.Bd3 Rc7 22.Nh5 Bh8 23.Bb1 Nf6
24.Nxf6+ Bxf6 25.Qc2 Kf8 26.Qh7 Bg7 27.Bd3 Rac8 28.f4 gxf4 29.Rxf4 e5 30.Rxf7+ Qxf7
31.Rf1 exd4 32.Rxf7+ Rxf7 33.Ne2 dxe3 34.g5 Rc6 35.Bb5 Re6 36.gxh6 Rxh6 37.Qd3 Be5  0-1

[Event "New York Hudson"]
[Site "New York"]
[Date "1993.??.??"]
[Round "2"]
[White "Benjamin, Joel"]
[Black "Yermolinsky, Alex"]
[Result "0-1"]
[WhiteElo "2585"]
[BlackElo "2615"]

1.e4 c5 2.Nf3 d6 3.d4 cxd4 4.Nxd4 Nf6 5.Nc3 e6 6.Be2 Be7 7.O-O O-O 8.f4 Nc6
9.Kh1 Qc7 10.Be3 Nxd4 11.Qxd4 Bd7 12.e5 Ne8 13.Bd3 Bc6 14.Ne4 dxe5 15.fxe5 Rd8
16.Qc3 Bxe4 17.Bxe4 Qxc3 18.bxc3 b6 19.a4 f5 20.Bc6 Nc7 21.a5 Nd5 22.Bd4 Bc5
23.axb6 Bxb6 24.Bxb6 axb6 25.Rfb1 Rf7 26.c4 Ne3 27.Rxb6 Ra7 28.Re1 Nxc4 29.Rb5 Rc7
30.Bf3 Rd2 31.c3 Rc2 32.Bd1 Rxc3 33.Bb3 Kf7 34.h3 Nd2 35.Ba2 g5 36.Kg1 Rc2
37.Ra5 R7c6 38.Rd1 Kg6 39.Ra8 Kh5 40.Ra7 h6 41.Ra3 f4  0-1

[Event "New York op"]
[Site "New York"]
[Date "1993.??.??"]
[Round "3"]
[White "Bologan, Viktor"]
[Black "Benjamin, Joel"]
[Result "1/2-1/2"]
[WhiteElo "2520"]
[BlackElo "2585"]

1.e4 e5 2.Nf3 Nc6 3.Bc4 Bc5 4.c3 Nf6 5.d3 d6 6.Nbd2 a6 7.Bb3 O-O 8.h3 Ba7
9.Nf1 Ne7 10.Ng3 Ng6 11.O-O Be6 12.d4 h6 13.Be3 Qc8 14.Re1 Re8 15.Bc2 Nh7
16.a4 Qd8 17.a5 Nh4 18.Nh2 Nf6 19.Qd2 Nh7 20.Rad1 Qf6 21.f4 exf4 22.Nh5 Qe7
23.Nxf4 Ng6 24.Nxe6 Qxe6 25.Nf3 Nf6 26.e5 dxe5 27.Bxg6 fxg6 28.Nxe5 Nd5 29.Kh1 c6
30.Qd3 g5 31.Bd2 Rad8 32.Ng4 Qf7 33.Rf1 Nf4 34.Qf3 Rf8 35.g3 Nh5 36.Qxf7+ Rxf7
37.Rxf7 Kxf7 38.Ne5+ Kg8 39.g4 Nf6 40.b4 Ne4 41.Kg2 Bb8 42.Nd3 Rf8 43.Be1 Bc7
44.c4 Bf4 45.Bf2 Nd6 46.Nb2 Re8 47.Re1 Rxe1 48.Bxe1 Bc1 49.Nd3 Be3 50.d5 Nxc4
51.dxc6 bxc6 52.Kf3 Kf7 53.Ke4 Ke6 54.Bc3 Bg1 55.Ne5  1/2-1/2

[Event "New York Hudson"]
[Site "New York"]
[Date "1993.??.??"]
[Round "4"]
[White "Edelman, Daniel"]
[Black "Benjamin, Joel"]
[Result "0-1"]
[WhiteElo "2400"]
[BlackElo "2585"]

1.e4 c5 2.Nf3 Nc6 3.d4 cxd4 4.Nxd4 e5 5.Nb5 d6 6.N1c3 a6 7.Na3 b5 8.Nd5 Nce7
9.Bg5 h6 10.Bxb5+ axb5 11.Nxb5 Ra6 12.Ndc7+ Kd7 13.Qd2 hxg5 14.Nxa6 Nc6 15.Nac7 Nd4
16.O-O-O Bb7 17.Nxd4 Qxc7 18.Nb5 Qc6 19.Qb4 Qb6 20.Qb3 Be7 21.a4 Nf6 22.Qxf7 Rf8
23.Qxg7 Ke8 24.f3 Ba6 25.Qg6+ Rf7 26.Nc3 g4 27.fxg4 Kf8 28.g5 Rg7 29.Qh6 Qe3+
30.Kb1 Qxg5 31.Qxg5 Rxg5 32.g3 Kf7 33.b4 Bb7 34.Rhf1 Ke6 35.Rde1 Rg4 36.b5 Bd8
37.Re3 Bb6 38.h3 Rg8 39.Rd3 Nxe4 40.Nxe4 Bxe4 41.Ra3 Rc8 42.Ra2 Rc4 43.Re1 Bd5
44.Kc1 Rb4 45.Ra3 Bc5 46.g4 Re4  0-1

[Event "New York Hudson"]
[Site "New York"]
[Date "1993.??.??"]
[Round "5"]
[White "Benjamin, Joel"]
[Black "Hellers, Ferdinand"]
[Result "1/2-1/2"]
[WhiteElo "2585"]
[BlackElo "2565"]

1.d4 Nf6 2.Nf3 g6 3.c3 Bg7 4.Bg5 O-O 5.Nbd2 d5 6.e3 Nbd7 7.Be2 Re8 8.O-O e5
9.h3 c5 10.Bb5 Qb6 11.Qa4 a6 12.Bxf6 Qxb5 13.Qxb5 axb5 14.Bxe5 Nxe5 15.Nxe5 Bxe5
16.dxe5 Rxe5 17.b4 cxb4 18.cxb4 Re6 19.Nb3 Rea6 20.Rfc1 Bf5 21.g4 Be6 22.Nc5 Rc6
23.Nxb7 Rxc1+ 24.Rxc1 Ra4 25.Nc5 Rxb4 26.Nxe6 fxe6 27.Rc8+ Kg7 28.Rc7+ Kg8
29.Re7 Re4 30.a3 h6 31.Kg2 Kf8 32.Rb7 Ra4 33.Rxb5 Rxa3 34.Rb8+ Kf7 35.Rb7+ Kf6
36.Rh7 Kg5 37.Re7 Kf6 38.Rh7 Kg5 39.Kg3 Kf6 40.Kg2 Kg5  1/2-1/2

[Event "New York Hudson"]
[Site "New York"]
[Date "1993.??.??"]
[Round "6"]
[White "Wojtkiewicz, Aleksander"]
[Black "Benjamin, Joel"]
[Result "0-1"]
[WhiteElo "2580"]
[BlackElo "2585"]

1.Nf3 Nf6 2.c4 g6 3.g3 Bg7 4.Bg2 c6 5.d4 d5 6.Qb3 O-O 7.Nc3 dxc4 8.Qxc4 Bf5
9.O-O Nbd7 10.e3 Nb6 11.Qe2 Ne4 12.Rd1 Nxc3 13.bxc3 Na4 14.Bd2 Be4 15.Be1 Qc7
16.Bf1 h6 17.Rac1 c5 18.c4 b6 19.Nd2 Bb7 20.Nb1 cxd4 21.exd4 Rac8 22.Nc3 Nxc3
23.Bxc3 e6 24.Bb2 Rfe8 25.Bg2 Bxg2 26.Kxg2 Qb7+ 27.f3 Qa6 28.Rd3 Rc7 29.Ra3 Qb7
30.Rb3 Rd8 31.Rd3 Qa6 32.Kh3 Qc8 33.Rdd1 e5+ 34.Kg2 exd4 35.Qd3 Re7 36.Re1 Re3
37.Qd2 h5 38.Rcd1 Rxe1 39.Rxe1 Qxc4 40.Re7 Qxa2  0-1

[Event "New York op"]
[Site "New York"]
[Date "1993.??.??"]
[Round "6"]
[White "Benjamin, Joel"]
[Black "Almasi, Zoltan"]
[Result "1-0"]
[WhiteElo "2585"]
[BlackElo "2490"]

1.e4 e5 2.Nf3 Nc6 3.Bb5 Nf6 4.O-O Nxe4 5.d4 Nd6 6.Bxc6 dxc6 7.dxe5 Nf5 8.Qxd8+ Kxd8
9.Nc3 Ke8 10.Rd1 h6 11.Ne2 Be7 12.h3 a5 13.Nf4 h5 14.Ne2 a4 15.Bf4 Be6 16.Ned4 Nxd4
17.Nxd4 g5 18.Bd2 Rg8 19.Nxe6 fxe6 20.g4 hxg4 21.hxg4 Kf7 22.Kg2 Rad8 23.Be3 Kg6
24.c4 Rh8 25.b3 axb3 26.axb3 Bb4 27.Rxd8 Rxd8 28.Ra7 Bc3 29.Rxb7 Bxe5 30.Kf3 Bd6
31.Ke4 Rf8 32.f3 Rd8 33.b4 Rf8 34.c5 Bg3 35.Ra7 Rb8 36.Bd2 Rd8 37.Bc3 Rd1
38.Ra6 Rc1 39.Kd3 Rf1 40.Ke2 Rf2+ 41.Ke3 Rc2 42.Kd3 Rf2 43.Ke3 Rc2 44.Bd4 Rc4
45.Rxc6 Bf4+ 46.Kd3 Rxb4 47.Rxe6+ Kf7 48.Rf6+ Ke7 49.Rh6 Kf7 50.Ke4 Rb3 51.Rf6+ Ke7
52.Rh6 Kf7 53.Kf5 Rxf3 54.Rh7+ Ke8 55.Ke6 Bg3 56.Rh8+  1-0

[Event "New York op"]
[Site "New York"]
[Date "1993.??.??"]
[Round "7"]
[White "Epishin, Vladimir"]
[Black "Benjamin, Joel"]
[Result "1/2-1/2"]
[WhiteElo "2620"]
[BlackElo "2585"]

1.d4 Nf6 2.c4 e6 3.Nf3 b6 4.g3 Ba6 5.b3 Bb7 6.Bg2 Bb4+ 7.Bd2 a5 8.O-O O-O
9.Nc3 d6 10.Qc2 Nbd7 11.Rad1 Bxc3 12.Bxc3 Be4 13.Qb2 c6 14.Rfe1 b5 15.Bf1 bxc4
16.bxc4 Nb6 17.Nd2 d5 18.Qa3 Qd7 19.f3 Bg6 20.e4 Qa7 21.Kg2 Rfd8 22.c5 Nc8
23.e5 Nd7 24.Nb3 a4 25.Nc1 Qc7 26.Rd2 Na7 27.Rb2 Rdb8 28.Rxb8+ Qxb8 29.Qxa4 Nb5
30.Qb4 Na3 31.Qxb8+ Nxb8 32.Kf2 Ra4 33.Rd1 Na6 34.Be2 Nc7 35.Bb2 Nc4  1/2-1/2

[Event "New York op"]
[Site "New York"]
[Date "1993.??.??"]
[Round "8"]
[White "Benjamin, Joel"]
[Black "De Firmian, Nick E"]
[Result "1-0"]
[WhiteElo "2585"]
[BlackElo "2560"]

1.d4 Nf6 2.c4 e6 3.Nf3 c5 4.d5 exd5 5.cxd5 d6 6.Nc3 g6 7.e4 a6 8.a4 Bg4 9.Be2 Bg7
10.Nd2 Bxe2 11.Qxe2 Nbd7 12.Nc4 Nb6 13.e5 dxe5 14.Qxe5+ Kf8 15.Nxb6 Qxb6
16.O-O Re8 17.Qf4 h5 18.a5 Qb3 19.Qc7 h4 20.d6 Qe6 21.Bd2 Qd7 22.Rfe1 Qxc7
23.dxc7 Rc8 24.Bf4 Ne8 25.Nd5 g5 26.Nb6 gxf4 27.Nxc8 Nxc7 28.Re7 Nb5 29.Rxb7 Bxb2
30.Rd1 Bd4 31.Ne7 Rh5 32.Nc6 Rd5 33.Kf1 Kg7 34.Rxb5 axb5 35.a6 Rd6 36.a7 Rxc6
37.a8=Q  1-0

[Event "New York Hudson"]
[Site "New York"]
[Date "1993.??.??"]
[Round "8"]
[White "Sherzer, Alex"]
[Black "Benjamin, Joel"]
[Result "0-1"]
[WhiteElo "2465"]
[BlackElo "2585"]

1.e4 c5 2.Nf3 e6 3.d4 cxd4 4.Nxd4 Nc6 5.g3 Bc5 6.Nb3 Be7 7.Bg2 Nf6 8.O-O d6
9.Qe2 Qc7 10.Be3 O-O 11.c4 Ne5 12.N3d2 a6 13.Nc3 Neg4 14.Bf4 e5 15.Bg5 h6
16.Bh4 g5 17.h3 gxh4 18.gxh4 Kh7 19.hxg4 Bxg4 20.f3 Be6 21.f4 Qc5+ 22.Kh1 Rg8
23.Nd5 Rg4 24.Qf2 Qxf2 25.Rxf2 Bxd5 26.exd5 Rxh4+ 27.Kg1 exf4 28.Re1 Bf8
29.Ne4 Nh5 30.Bf3 f5 31.Nd2 Ng3 32.Re6 Rc8 33.a4 Rc7 34.Rh2 Rxh2 35.Kxh2 b5
36.axb5 axb5 37.b3 Ra7 38.Bg2 Ra2 39.cxb5 Rxd2 40.b6 Rb2 41.Re8 Rxb3 42.Rxf8 Rxb6
43.Rc8 Rb2 44.Kg1 Ne4 45.Rc4 Rb1+ 46.Kh2 Re1 47.Rc6 Ng5 48.Rc3 Kg6 49.Ra3 Kh5  0-1

[Event "New York Hudson"]
[Site "New York"]
[Date "1993.??.??"]
[Round "9"]
[White "Benjamin, Joel"]
[Black "Shabalov, Alexander"]
[Result "1/2-1/2"]
[WhiteElo "2585"]
[BlackElo "2575"]

1.e4 c5 2.Nf3 d6 3.d4 cxd4 4.Nxd4 Nf6 5.Nc3 e6 6.Be2 Be7 7.O-O Nc6 8.Kh1 O-O
9.f4 Nxd4 10.Qxd4 Bd7 11.Bf3 Bc6 12.a4 Qc7 13.Be3 Rfd8 14.a5 d5 15.e5 Ne4
16.Bxe4 dxe4 17.Qc4 Rac8 18.Qe2 Bb4 19.Bxa7 Bxa5 20.Qe3 Bxc3 21.bxc3 Qd7
22.Bd4 Ba4 23.Rf2 b5 24.h3  1/2-1/2

[Event "World op"]
[Site "Philadelphia"]
[Date "1993.??.??"]
[Round "?"]
[White "Fishbein, Alexander"]
[Black "Benjamin, Joel"]
[Result "1/2-1/2"]
[WhiteElo "2510"]
[BlackElo "2620"]

1.e4 c5 2.Nf3 d6 3.d4 cxd4 4.Nxd4 Nf6 5.Nc3 Nc6 6.Bg5 e6 7.Qd2 a6 8.O-O-O h6
9.Bf4 Bd7 10.Nxc6 Bxc6 11.f3 d5 12.Qe1 Bb4 13.a3 Ba5 14.Bd2 Rc8 15.exd5 Nxd5
16.Nxd5 Bxd2+ 17.Rxd2 Bxd5 18.Bd3 O-O 19.Qe5 Qc7 20.Re1 Qxe5 21.Rxe5 Rfd8
22.Be4  1/2-1/2

[Event "US op"]
[Site "Philadelphia"]
[Date "1993.??.??"]
[Round "?"]
[White "Terrie, Henry L"]
[Black "Benjamin, Joel"]
[Result "0-1"]
[WhiteElo "2255"]
[BlackElo "2620"]

1.c4 e5 2.Nc3 Bb4 3.Nd5 Be7 4.Nf3 c6 5.Nxe7 Qxe7 6.e3 Nf6 7.Be2 d6 8.O-O Nbd7
9.b3 Nf8 10.Bb2 Ng6 11.Qc2 O-O 12.d3 Bd7 13.Rfe1 Rae8 14.h3 h6 15.Rac1 Nh7
16.c5 d5 17.d4 e4 18.Ne5 Nxe5 19.dxe5 Qh4 20.Qd1 Bxh3 21.f4 exf3 22.Bxf3 Ng5
23.Rf1 Bf5 24.Qe1 Qxe1 25.Rcxe1 Bd3 26.Rf2 Re7 27.Rd1 Bg6 28.Kh2 Rfe8 29.Bd4 Rxe5
30.Bxe5 Rxe5 31.Re2 Be4 32.Kg3 Nxf3 33.gxf3 Rg5+ 34.Kf2 Rf5 35.f4 g5 36.Kg3 Kg7
37.Rf2 Kg6 38.fxg5 Rxg5+ 39.Kh2 f5 40.Rg1 Kf6 41.Rg3 Ke5 42.Rh3 h5 43.Rg3 Rg4
44.Rxg4 hxg4 45.Kg3 Bf3 46.Rh2 Ke4 47.Rh7 Kxe3 48.Re7+ Be4 49.Rxb7 d4 50.Rxa7 d3  0-1

[Event "World op"]
[Site "Philadelphia"]
[Date "1993.??.??"]
[Round "?"]
[White "Alburt, Lev O"]
[Black "Benjamin, Joel"]
[Result "1/2-1/2"]
[WhiteElo "2545"]
[BlackElo "2620"]

1.d4 d5 2.Bg5 h6 3.Bh4 c6 4.e3 Qb6 5.Qc1 Bf5 6.Nf3 Nd7 7.c4 e6 8.Nc3 Be7
9.Bg3 Ngf6 10.c5 Qd8 11.Be2 Nh5 12.Be5 Nhf6 13.Bg3 Nh5 14.Be5 Nhf6 15.Bg3 Nh5  1/2-1/2

[Event "US op"]
[Site "Philadelphia"]
[Date "1993.??.??"]
[Round "?"]
[White "Benjamin, Joel"]
[Black "Russell, Corey"]
[Result "1-0"]
[WhiteElo "2620"]
[BlackElo "2285"]

1.d4 Nf6 2.c4 g6 3.Nc3 Bg7 4.e4 d6 5.h3 O-O 6.Bg5 c5 7.d5 e6 8.Bd3 Re8 9.Nf3 exd5
10.cxd5 a6 11.a4 Nbd7 12.O-O Qc7 13.Re1 h6 14.Bf4 Rb8 15.Bc4 Nh5 16.Bh2 Ne5
17.Be2 Nf6 18.Bxe5 dxe5 19.a5  1-0

[Event "US op"]
[Site "Philadelphia"]
[Date "1993.??.??"]
[Round "?"]
[White "Benjamin, Joel"]
[Black "Felber, Joseph J"]
[Result "1-0"]
[WhiteElo "2620"]
[BlackElo "2180"]

1.e4 c6 2.d4 d5 3.Nc3 dxe4 4.Nxe4 Nf6 5.Nxf6+ gxf6 6.c3 Bf5 7.Nf3 Qc7 8.g3 e6
9.Bg2 Nd7 10.Nh4 Bg6 11.O-O O-O-O 12.b4 f5 13.a4 Be7 14.Nxg6 hxg6 15.b5 c5
16.a5  1-0

[Event "World op"]
[Site "Philadelphia"]
[Date "1993.??.??"]
[Round "4"]
[White "Benjamin, Joel"]
[Black "Rowley, Robert"]
[Result "1-0"]
[WhiteElo "2620"]
[BlackElo "2375"]

1.e4 e5 2.Nf3 Nc6 3.Bb5 a6 4.Bxc6 dxc6 5.O-O f6 6.d4 exd4 7.Nxd4 c5 8.Nb3 Qxd1
9.Rxd1 Bd7 10.Bf4 O-O-O 11.Nc3 Re8 12.Nd5 Rxe4 13.Bxc7 Ne7 14.Nc3 Rc4 15.Bg3 Be6
16.Rd6 Bf5 17.Rd2 b6 18.Re1 Kb7 19.h3 Nc6 20.Re8 g6 21.Rd6 Bxd6 22.Rxh8 Bxg3
23.Rxh7+ Kb8 24.fxg3 Bxc2 25.Rf7 Nb4 26.Rxf6 Kb7 27.Nd2 Rd4 28.Nf3 Rd8 29.Ne5 b5
30.Nxg6 Nc6 31.Nf4 b4 32.Ncd5 Bb1 33.Rf7+ Kb8 34.Nc7 Bxa2 35.Nxa6+ Ka8 36.Rc7 Rd1+
37.Kf2 Na7 38.Rxc5 Rd2+ 39.Kf3 Rxb2 40.Nd3 Rb3 41.Nxb4 Bb1 42.Ke2  1-0

[Event "World op"]
[Site "Philadelphia"]
[Date "1993.??.??"]
[Round "6"]
[White "Benjamin, Joel"]
[Black "Arnason, Jon L"]
[Result "1-0"]
[WhiteElo "2620"]
[BlackElo "2530"]

1.e4 c5 2.Nf3 d6 3.d4 cxd4 4.Nxd4 Nf6 5.Nc3 a6 6.Be3 e6 7.Be2 Qc7 8.a4 b6
9.f4 Bb7 10.Bf3 Nbd7 11.Qe2 g6 12.g4 Nc5 13.Bf2 e5 14.g5 Nfd7 15.Nd5 Qd8
16.O-O-O Bg7 17.Nf5 gxf5 18.exf5 O-O 19.f6 Re8 20.Bxc5 bxc5 21.Ne7+ Rxe7
22.Bxb7 Rb8 23.fxe7 Qxe7 24.Bxa6 Rb4 25.Bb5 Rxf4 26.Rhf1 Rxf1 27.Rxf1 d5
28.Qg4 Nf8 29.Qf5 Ne6 30.h4 c4 31.Bc6 Nf4 32.Kb1 c3 33.Qd7 Qb4 34.Qb7 Qc4
35.Bb5 Qb4 36.Bc6 Qc4 37.Qb5 Qd4 38.a5 Bf8 39.a6 Bc5 40.h5 Kg7 41.Be8  1-0